|
|
|
|
| LEADER |
00000naa2a2200000 4500 |
| 001 |
626679 |
| 005 |
20231101133426.0 |
| 035 |
|
|
|a (RuTPU)RU\TPU\conf\26177
|
| 035 |
|
|
|a RU\TPU\conf\26176
|
| 090 |
|
|
|a 626679
|
| 100 |
|
|
|a 20180423d2018 k y0rusy50 ca
|
| 101 |
0 |
|
|a rus
|
| 102 |
|
|
|a RU
|
| 105 |
|
|
|a y z 101zy
|
| 135 |
|
|
|a drcn ---uucaa
|
| 181 |
|
0 |
|a i
|
| 182 |
|
0 |
|a b
|
| 200 |
1 |
|
|a Предприятия нефтегазовой отрасли
|f И. И. Ахметшина
|g науч. рук. Ю. А. Темпель
|
| 203 |
|
|
|a Текст
|c электронный
|
| 225 |
1 |
|
|a Экология, безопасность и охрана труда на предприятии
|
| 230 |
|
|
|a 1 компьютерный файл (pdf; 272 Kb)
|
| 300 |
|
|
|a Заглавие с экрана
|
| 320 |
|
|
|a [Библиогр.: с. 177 (2 назв.)]
|
| 463 |
|
0 |
|0 (RuTPU)RU\TPU\conf\26047
|t Прогрессивные технологии и экономика в машиностроении
|o сборник трудов IX Всероссийской научно-практической конференции для студентов и учащейся молодежи, 5-7 апреля 2018 г., Юрга
|f Национальный исследовательский Томский политехнический университет (ТПУ), Юргинский технологический институт (ЮТИ) ; под ред. Д. А. Чинахова
|v [С. 175-177]
|d 2018
|
| 610 |
1 |
|
|a электронный ресурс
|
| 610 |
1 |
|
|a предприятия
|
| 610 |
1 |
|
|a нефтегазовая отрасль
|
| 610 |
1 |
|
|a промышленная безопасность
|
| 610 |
1 |
|
|a охрана труда
|
| 610 |
1 |
|
|a аттестация
|
| 610 |
1 |
|
|a рабочие места
|
| 610 |
1 |
|
|a условия труда
|
| 610 |
1 |
|
|a работоспособность
|
| 610 |
1 |
|
|a нефтегазовая отрасль
|
| 700 |
|
1 |
|a Ахметшина
|b И. И.
|
| 702 |
|
1 |
|a Темпель
|b Ю. А.
|4 727
|
| 712 |
0 |
2 |
|a Тюменский индустриальный университет (ТюмИУ)
|c (2016- )
|2 stltpush
|3 (RuTPU)RU\TPU\col\21621
|
| 801 |
|
2 |
|a RU
|b 63413507
|c 20180426
|g RCR
|
| 856 |
4 |
|
|u http://earchive.tpu.ru/handle/11683/47130
|
| 942 |
|
|
|c BK
|